000 00551nam a2200217 u 4500
001 83389
003 BD-RjUL
005 20240318143446.0
008 240318s1970 enk 000 0 eng d
020 _a0224005154
035 _a(BD-RjUL)83389
040 _aBGU
_beng
_cBD-RjUL
041 _aeng
082 _223
_a822.91
_bSTH 1970
100 1 _aStorey, David,
_d1933-2017
_95118
245 1 0 _aHome /
_cDavid Storey.
260 _aHarmondsworth :
_bPenguin Books,
_c1972.
300 _a78 p. ;
_c21 cm.
650 _aEnglish Drama
942 _2ddc
_cBK
999 _c83389
_d83389